00262nam a2200097Ia 4500008004100000020001400041100002100055245003300076260003700109300001800146180205s9999 xx 000 0 und d a866121218 aWoods, Robert H. aHuman resources management / aUSAbEducational Institutec1995 aix, 475 pages